000 00542nam a2200181Ia 4500
001 3789
005 20260306145709.0
008 260306t2017||||xx |||||||||||||| ||spa||
041 _aESP
082 _a303.44
_bM96
100 _aMuñoz, Ismael
_eAUT
245 0 _aÉtica, agencia y desarrollo humano:
_bV Conferencia de la Asociación Latinoamericana y del Caribe para el Desarrollo Humano y el Enfoque de Capacidades
260 _c2017
300 _a353 páginas :
_c24 cm.
650 _aGEN
654 _aCHU
942 _cLIB
_dJUS
_fJUS
_2ddc
_n
999 _c3789
_d3789